=LDR 00000nam 2200000 4500 =001 INLIS000000000018170 =005 20130612113344 =008 ***********************************Ind** =035 ##$$0010-061300000018170 =041 ##$$a Ind =082 ##$$a 623.809 598 =090 ##$$a 623.809 598, Sug p =100 ##$$a Sugeng, Wartini =245 ##$$a Pendaftaran kapal indonesia, oleh Wartini Soegeng, SH =260 ##$$a 1988 $b Bandung =300 ##$$a vi, 93 hlm, 20 cm =650 ##$$a Teknik Perkapalan =850 ##$$a NBPNMAT